Environmentálne aspekty alokácie verejných projektov
Dôležitosť zohľadnenia súčinnosti ekonómie s ekológiou. Horizontálne priority Národného strategického referenčného rámca. Stratégia Európa 2020 a jej hlavný cieľ. Kvalita životného prostredia.
Uložené v:
| Hlavný autor: | |
|---|---|
| Médium: | Kapitola |
| Jazyk: | Slovak |
| Predmet: | |
| Tagy: |
Žiadne tagy, Buďte prvý, kto otaguje tento záznam!
|
MARC
| LEADER | 00000nla a2200000 4500 | ||
|---|---|---|---|
| 001 | 0194366 | ||
| 005 | 20240502073244.7 | ||
| 041 | 0 | |a slo | |
| 044 | |a SK | ||
| 245 | 1 | 0 | |a Environmentálne aspekty alokácie verejných projektov |c Ingrid Šabíková |
| 520 | |a Dôležitosť zohľadnenia súčinnosti ekonómie s ekológiou. Horizontálne priority Národného strategického referenčného rámca. Stratégia Európa 2020 a jej hlavný cieľ. Kvalita životného prostredia. | ||
| 610 | 2 | 0 | |a politika environmentálna |
| 610 | 2 | 0 | |a ochrana prostredia životného |
| 610 | 2 | 0 | |a ekológia |
| 610 | 2 | 0 | |a rozvoj trvalo udržateľný |
| 100 | 1 | |a Šabíková, Ingrid | |